Religions en Australie - Statistiques

Statistiques générales
  • Ce quiz a été pris 78 fois
  • Le résultat moyen est 3 sur 5
Statistiques - réponses
% Religions % Correct
3 Islam
91%
61,7 Christianisme
90%
2,9 Bouddhisme
59%
28,6 Athéisme
51%
1,7 Hindouisme
49%
Aucun quiz correspondant
Distribution des résultats
% des personnes avec chaque résultat
Percentile par nombre de réponses
Votre historique - résultats
Vous n’avez pas pris ce quiz